Dylemat menedzerskiego i samorzadowego modelu zarzadzania przedsiebiorstwem.
Manažérsky model riadenia podniku. Samosprávny model riadenia v Poľsku. Sféra politiky a sféra riadenia. Výber všeobecných strategických predpokladov činnosti. Kompetencia dozornej rady a jej založenie. Správa podniku.
Salvato in:
| Autore principale: | |
|---|---|
| Natura: | Capitolo di libro |
| Lingua: | polacco |
| Soggetti: | |
| Tags: |
Nessun Tag, puoi essere il primo ad aggiungerne!!
|
MARC
| LEADER | 00000naa a2200000 4500 | ||
|---|---|---|---|
| 001 | r007329 | ||
| 005 | 20221125122417.6 | ||
| 041 | 0 | |a pol | |
| 044 | |a PL | ||
| 245 | 1 | 0 | |a Dylemat menedzerskiego i samorzadowego modelu zarzadzania przedsiebiorstwem. |c L. Krzyzanowski |
| 520 | |a Manažérsky model riadenia podniku. Samosprávny model riadenia v Poľsku. Sféra politiky a sféra riadenia. Výber všeobecných strategických predpokladov činnosti. Kompetencia dozornej rady a jej založenie. Správa podniku. | ||
| 610 | 2 | 0 | |a riadenie podnikové |
| 610 | 2 | 0 | |a PR |
| 610 | 2 | 0 | |a manažment |
| 610 | 2 | 0 | |a samospráva |
| 610 | 2 | 0 | |a stratégia podniková |
| 610 | 2 | 0 | |a rady dozorné |
| 610 | 2 | 0 | |a modely riadenia |
| 100 | 1 | |a Krzyzanowski, L. | |